| 000 | 00595nam a2200241Ia 4500 | ||
|---|---|---|---|
| 005 | 20250425162012.0 | ||
| 008 | 250425s9999 xx 000 0 und d | ||
| 041 | _aspa | ||
| 082 | _a620.103 | ||
| 100 | _aHUANG, T. C | ||
| 245 | 0 | _aMECANICA PARA INGENIEROS: ESTATICA | |
| 250 | _a1A ED. | ||
| 260 |
_aEstados Unidos _bFONDO EDUCATIVO INTERAMERICANO S.A. _c1974 |
||
| 260 | _aS.L. | ||
| 300 | _a587 | ||
| 650 | _aCINEMATICA | ||
| 650 | _aENERGIA | ||
| 650 | _aTRABAJO | ||
| 650 | _aVECTORES | ||
| 700 |
_aJOSE ANTONIO NIETO RAMIREZ _etraductor |
||
| 942 | _c01 | ||
| 010 | _a39571 | ||
| 999 |
_c220428 _d220428 |
||